000 00807nam a2200265Ia 4500
003 OSt
005 20220924124124.0
006 a|||||r|||| 00| 0
007 ta
008 220923b |||||||| |||| 00| 0 urd d
020 _a8175871334
020 _c475.14
024 _a265677
037 _b5534/10, 06/03/2009, Modern Publishing House
_cTextual
040 _aARTS
_cARTS
_burd
041 _2urd
_aurd
082 _aO168,3N12x, P6.1-.2
100 _aUsmani Shamsul Haq Au.
245 0 _aKulliyat-e-saadat hasan manto
260 _aNew Delhi
_b N.C.P.U.L India
_c2006
490 _vV.1
650 _aUrdu Fiction
_93298
942 _hO168,3N12x, P6.1-.2
_cTEXL
_2CC
999 _c418493
_d418493